|
|
|
|
| LEADER |
00958nam a2200217 a 4500 |
| 008 |
091022s2008 bg bg 000 0 eng d |
| 020 |
|
|
|z 98484660140
|
| 040 |
|
|
|a DLC
|c DLC
|d DLC
|
| 082 |
|
|
|a 342.0695492
|2 22
|
| 100 |
1 |
|
|a Faruque, Gazi Omar.
|
| 245 |
1 |
0 |
|a Legal Theory of Philosophy :
|b Real Jurisprudence /
|c Gazi Omar Faruque.
|
| 250 |
|
|
|a 1st ed.
|
| 260 |
|
|
|a Dhaka :
|b New Warsi Book Corp. :
|b Distributor, Bangladesh Law Book Co.,
|c 2008.
|
| 300 |
|
|
|a 400 p. ;
|c 22 cm.
|
| 504 |
|
|
|a Includes bibliographical references and index
|
| 541 |
1 |
|
|e 00017735
|
| 650 |
|
0 |
|a Judicial review of administrative acts
|z Bangladesh.
|
| 650 |
|
0 |
|a Administrative remedies
|z Bangladesh.
|
| 852 |
4 |
|
|a Ayesha Abed Library
|j General Shelf
|
| 999 |
|
|
|c 5067
|d 5067
|
| 952 |
|
|
|0 0
|1 0
|2 ddc
|4 0
|6 342_069549200000000_FAR_2008
|7 0
|9 4910
|a BRACUL
|b BRACUL
|c GEN
|d 2009-11-03
|g 0.00
|l 6
|m 65
|o 342.0695492 FAR
|p 3010017735
|r 2018-02-13
|s 2017-06-08
|t 1
|w 2009-11-03
|y BK
|x No price found in the accession register.
|